Confluences and crossbloods on Turtle Island

Elmentve itt :
Bibliográfiai részletek
Szerző: Sellers Stephanie A.
Dokumentumtípus: Cikk
Megjelent: 2017
Sorozat:Americana : E-Journal of American Studies in Hungary 13 No. 1
Kulcsszavak:Turtle Island története, Amerikai Egyesült Államok története
Online Access:http://acta.bibl.u-szeged.hu/56758
LEADER 00680nab a2200169 i 4500
001 acta56758
005 20260224081030.0
008 190124s2017 hu o 000 hun d
022 |a 1787-4637 
040 |a SZTE Egyetemi Kiadványok Repozitórium  |b hun 
041 |a hun 
100 1 |a Sellers Stephanie A. 
245 1 0 |a Confluences and crossbloods on Turtle Island  |h [elektronikus dokumentum] /  |c  Sellers Stephanie A. 
260 |c 2017 
490 0 |a Americana : E-Journal of American Studies in Hungary  |v 13 No. 1 
695 |a Turtle Island története, Amerikai Egyesült Államok története 
856 4 0 |u http://acta.bibl.u-szeged.hu/56758/2/americana_013_001_022/sellers.html  |z Dokumentum-elérés